Cities in American Samoa - Statistics

General Stats
  • This quiz has been taken 15 times
  • The average score is 6 of 19
Answer Stats
Pop. Answer % Correct
3,656 Pago Pago
100%
3,955 Nu'uuli
60%
7,945 Tafuna
60%
3,195 'Ili'ili
40%
494 Aasu
20%
524 Afono
20%
495 Alao
20%
646 Alofau
20%
920 Amouli
20%
855 'Aoa
20%
615 A'oloau
20%
2,077 Aua
20%
910 Faga'alu
20%
1,737 Fagatogo
20%
1,898 Faleniu
20%
723 Futiga
20%
1,919 Leone
20%
684 Utulei
20%
1,959 Vaitogi
20%
No matching quizzes found
Score Distribution
Percent of People with Each Score
Percentile by Number Answered
Your Score History
You have not taken this quiz